[Event "American Continental Rapid 18th"]
[Site "Medellin"]
[Date "2024.06.01"]
[Round "8"]
[White "Roldan Arboleda, Jorge Alain"]
[Black "Sanchez Riscanevo, Santiago"]
[Result "1-0"]
[WhiteElo "1887"]
[BlackElo "1681"]
[PlyCount "121"]
[EventDate "2024.06.01"]
[EventType "swiss (rapid)"]
[EventRounds "9"]
[EventCountry "COL"]
[SourceTitle "CB23_2024"]
[SourceDate "2024.06.05"]
[SourceVersion "1"]
[SourceVersionDate "2024.06.05"]
[SourceQuality "1"]

1. c4 g6 2. Nc3 Bg7 3. d3 c5 4. g3 Nf6 5. Bg2 Nc6 6. Nf3 d6 7. 0-0 0-0 8. Rb1 Bd7 9. a3 a5 10. Bg5 Qc8 11. Re1 Bh3 12. Bh1 Qd7 13. Qd2 e6 14. Bxf6 Bxf6 15. Qh6 e5 16. Ng5 Bxg5 17. Qxg5 Be6 18. Ne4 Kg7 19. Qf6+ Kg8 20. Qh4 Kg7 21. Qf6+ Kg8 22. h4 Qd8 23. e3 Qxf6 24. Nxf6+ Kg7 25. Nd5 Bxd5 26. Bxd5 Rab8 27. Red1 Ne7 28. Bg2 f5 29. d4 e4 30. dxc5 dxc5 31. Rd7 Rf7 32. f3 exf3 33. Bxf3 b6 34. a4 Kf8 35. Rbd1 Ke8 36. Kf2 Rf6 37. Bb7 Re6 38. Kf3 Kf7 39. Bd5 Kf6 40. Bxe6 Kxe6 41. Kf4 Kf7 42. R1d6 Ke8 43. Ra7 Kf8 44. Rf6+ Ke8 45. Re6 Kf8 46. Rexe7 b5 47. axb5 a4 48. Rxh7 Kg8 49. Rag7+ Kf8 50. Rh8+ Kxg7 51. Rxb8 a3 52. bxa3 g5+ 53. hxg5 Kh7 54. Rb6 Kg7 55. Rf6 Kh7 56. Kxf5 Kg7 57. b6 Kh8 58. Rf7 Kg8 59. Kf6 Kh8 60. b7 Kg8 61. b8Q# 1-0

[Event "American Continental Rapid 18th"]
[Site "Medellin"]
[Date "2024.06.01"]
[Round "9"]
[White "Sanchez Riscanevo, Santiago"]
[Black "Lara Daguer, Nestor Eduardo"]
[Result "1-0"]
[WhiteElo "1681"]
[BlackElo "1411"]
[PlyCount "127"]
[EventDate "2024.06.01"]
[EventType "swiss (rapid)"]
[EventRounds "9"]
[EventCountry "COL"]
[SourceTitle "CB23_2024"]
[SourceDate "2024.06.05"]
[SourceVersion "1"]
[SourceVersionDate "2024.06.05"]
[SourceQuality "1"]

1. e4 e6 2. d4 d5 3. e5 c5 4. c3 Nc6 5. Nf3 Qb6 6. a3 cxd4 7. cxd4 f6 8. Nc3 fxe5 9. dxe5 Bc5 10. Qc2 Nd4 11. Nxd4 Bxd4 12. Bf4 Ne7 13. Bd3 h6 14. 0-0 0-0 15. Bg3 Nf5 16. Bxf5 Bxc3 17. Bxe6+ Bxe6 18. Qxc3 Rac8 19. Qd2 Rc7 20. Rac1 Rfc8 21. Rxc7 Rxc7 22. Rc1 Rxc1+ 23. Qxc1 Qc6 24. Qd2 Qc5 25. h3 d4 26. Kh2 Qc4 27. f4 d3 28. Be1 Kf7 29. Kg3 Bf5 30. Kf2 Ke6 31. g4 Be4 32. Ke3 g6 33. Qc3 Qxc3 34. bxc3 Bg2 35. h4 Bf1 36. Bd2 b6 37. Ke4 Bh3 38. Kf3 Bf1 39. Ke4 Bh3 40. Kf3 Kd5 41. c4+ Ke6 42. Bc3 Bf1 43. Bd2 Bh3 44. a4 Bf1 45. Ke3 Be2 46. g5 h5 47. Bb4 Bd1 48. a5 bxa5 49. Bxa5 Bc2 50. Bd2 Bb1 51. Kd4 Bc2 52. c5 Kd7 53. Ke4 Ke6 54. c6 Ba4 55. c7 Kd7 56. Ba5 d2 57. Bxd2 Kxc7 58. Kd5 Kd7 59. e6+ Ke7 60. Bb4+ Ke8 61. f5 Bb3+ 62. Ke5 a5 63. Ba3 Bc2 64. f6 1-0

[Event "American Continental Rapid 18th"]
[Site "Medellin"]
[Date "2024.06.01"]
[Round "2"]
[White "Sanchez Riscanevo, Santiago"]
[Black "Robledo, Andres Mauricio"]
[Result "0-1"]
[WhiteElo "1681"]
[BlackElo "1938"]
[PlyCount "72"]
[EventDate "2024.06.01"]
[EventType "swiss (rapid)"]
[EventRounds "9"]
[EventCountry "COL"]
[SourceTitle "CB23_2024"]
[SourceDate "2024.06.05"]
[SourceVersion "1"]
[SourceVersionDate "2024.06.05"]
[SourceQuality "1"]

1. e4 Nf6 2. Nc3 d5 3. exd5 Nxd5 4. Bc4 Nxc3 5. bxc3 c5 6. Nf3 e6 7. 0-0 Be7 8. d4 0-0 9. Bd3 Bf6 10. Rb1 Nc6 11. Bb2 Qa5 12. Qd2 Qxa2 13. Ra1 Qd5 14. c4 Qd8 15. c3 Qc7 16. Rfe1 Rd8 17. Re4 b6 18. Rf4 Qe7 19. d5 Ne5 20. Nxe5 Bxe5 21. Re4 Bf6 22. Rae1 Bb7 23. Rg4 Qd6 24. Qh6 g6 25. Rf4 Bg7 26. Qh4 exd5 27. Re7 Rd7 28. Rfxf7 Rxe7 29. Rxe7 dxc4 30. Bxc4+ Bd5 31. Qe4 Rd8 32. Bxd5+ Qxd5 33. Re8+ Bf8 34. Qxd5+ Rxd5 35. g3 Rd2 36. Ba3 Ra2 0-1

[Event "American Continental Rapid 18th"]
[Site "Medellin"]
[Date "2024.06.01"]
[Round "1"]
[White "Uribe Sanchez, Alejandro"]
[Black "Sanchez Riscanevo, Santiago"]
[Result "1-0"]
[WhiteElo "1966"]
[BlackElo "1681"]
[PlyCount "67"]
[EventDate "2024.06.01"]
[EventType "swiss (rapid)"]
[EventRounds "9"]
[EventCountry "COL"]
[SourceTitle "CB23_2024"]
[SourceDate "2024.06.05"]
[SourceVersion "1"]
[SourceVersionDate "2024.06.05"]
[SourceQuality "1"]

1. d4 Nf6 2. Bg5 h6 3. Bxf6 exf6 4. e3 Be7 5. g3 d5 6. Bg2 0-0 7. Ne2 Bf5 8. 0-0 c6 9. b3 Na6 10. c4 dxc4 11. bxc4 Qd7 12. Qb3 Nb4 13. Nbc3 Bc2 14. Qb2 Bh7 15. c5 Rab8 16. Qxb4 b6 17. Qa4 b5 18. Qa6 Rfc8 19. Rfd1 Bd8 20. d5 cxd5 21. Nxd5 Qe8 22. c6 Kh8 23. Rac1 Be4 24. Bxe4 Qxe4 25. c7 Bxc7 26. Nxc7 Qg4 27. Re1 Qd7 28. Qc6 Qf5 29. Nd4 Qg6 30. Qd7 Qe4 31. Qd5 Qd3 32. Qxf7 Qh7 33. Nde6 Rb7 34. Nf4 1-0

[Event "American Continental 18th"]
[Site "Medellin"]
[Date "2024.05.28"]
[Round "7"]
[White "Sanchez Riscanevo, Santiago"]
[Black "Pedrosa Class, Jose David"]
[Result "1-0"]
[WhiteElo "1681"]
[BlackElo "1786"]
[PlyCount "83"]
[EventDate "2024.05.24"]
[EventType "swiss"]
[EventRounds "11"]
[EventCountry "COL"]
[SourceTitle "CB23_2024"]
[SourceDate "2024.06.05"]
[SourceVersion "1"]
[SourceVersionDate "2024.06.05"]
[SourceQuality "1"]

1. e4 e6 2. d4 d5 3. Bd3 dxe4 4. Bxe4 Nf6 5. Bf3 c5 6. Ne2 Nc6 7. Be3 cxd4 8. Nxd4 Ne5 9. Be2 Be7 10. Nc3 0-0 11. 0-0 a6 12. Qd2 Qc7 13. Rad1 b5 14. Bf4 b4 15. Nb1 Bb7 16. Bg3 Ne4 17. Qe3 Nxg3 18. Qxg3 Rfd8 19. c3 Bc6 20. Qh3 Rac8 21. cxb4 Bxb4 22. Nf3 Ng6 23. Ng5 Qe5 24. Qxh7+ Kf8 25. Qh5 Bxg2 26. Nh7+ Kg8 27. Qxe5 Nxe5 28. Rxd8+ Rxd8 29. Kxg2 Kxh7 30. a3 Be7 31. Bxa6 Nd3 32. Bxd3+ Rxd3 33. Re1 Rb3 34. Re2 Bf6 35. a4 Bxb2 36. Nd2 Rb4 37. Re4 Bd4 38. Nf3 e5 39. Nxe5 f6 40. Nc6 Rxa4 41. Rxd4 Rxd4 42. Nxd4 1-0

[Event "American Continental 18th"]
[Site "Medellin"]
[Date "2024.05.26"]
[Round "4"]
[White "Morales Perez, Ghisell Gabriela"]
[Black "Sanchez Riscanevo, Santiago"]
[Result "1-0"]
[WhiteElo "1845"]
[BlackElo "1681"]
[PlyCount "131"]
[EventDate "2024.05.24"]
[EventType "swiss"]
[EventRounds "11"]
[EventCountry "COL"]
[SourceTitle "CB23_2024"]
[SourceDate "2024.06.05"]
[SourceVersion "1"]
[SourceVersionDate "2024.06.05"]
[SourceQuality "1"]

1. e4 c5 2. Nc3 Nc6 3. f4 g6 4. Nf3 Bg7 5. Bc4 e6 6. d3 Nge7 7. 0-0 0-0 8. Qe1 d5 9. Bb3 a6 10. f5 b5 11. a3 c4 12. Ba2 Nd4 13. Qh4 Nxf3+ 14. Rxf3 exf5 15. e5 Nc6 16. Bg5 f6 17. exf6 Bxf6 18. Bxf6 Rxf6 19. Nxd5 Rd6 20. Qxd8+ Rxd8 21. dxc4 Ne5 22. Re3 Nxc4 23. Nb6 Rb8 24. Nxc4 bxc4 25. Bxc4+ Kf8 26. b3 Bb7 27. Bd3 Rd7 28. Rae1 Rc8 29. c4 f4 30. Rh3 Rcd8 31. Bf1 h5 32. Rc3 h4 33. c5 Bc6 34. Re6 Bb5 35. Bxb5 axb5 36. c6 Rd1+ 37. Kf2 R8d2+ 38. Re2 Rd3 39. Rxd3 Rxd3 40. Rc2 Rd8 41. c7 Rc8 42. Kf3 Kf7 43. Kxf4 Kf6 44. Rc6+ Ke7 45. Kg5 Kd7 46. Rc3 Rxc7 47. Rxc7+ Kxc7 48. Kxg6 Kc6 49. a4 b4 50. Kf5 Kd5 51. a5 Kc6 52. Ke4 Kb5 53. Kd4 Kxa5 54. Kc5 Ka6 55. g3 hxg3 56. hxg3 Kb7 57. g4 Kc7 58. g5 Kd7 59. Kxb4 Ke6 60. Kc5 Kf5 61. b4 Kxg5 62. b5 Kf6 63. Kc6 Ke7 64. Kc7 Ke8 65. b6 Ke7 66. b7 1-0

[Event "COL-ch U20"]
[Site "Cali"]
[Date "2024.03.02"]
[Round "6"]
[White "Sanchez Riscanevo, Santiago"]
[Black "Arenas Gonzalez, Juan Jose"]
[Result "1-0"]
[WhiteElo "1432"]
[BlackElo "1287"]
[PlyCount "95"]
[EventDate "2024.02.28"]
[EventType "swiss"]
[EventRounds "9"]
[EventCountry "COL"]
[SourceTitle "CB11_2024"]
[SourceDate "2024.03.13"]
[SourceVersion "1"]
[SourceVersionDate "2024.03.13"]
[SourceQuality "1"]

1. e4 c5 2. Nf3 e6 3. d4 cxd4 4. Nxd4 Nc6 5. Nc3 Bc5 6. Be3 Qb6 7. Na4 Qa5+ 8. c3 Bxd4 9. Bxd4 Nxd4 10. Qxd4 Nf6 11. e5 Nd5 12. Bd3 b6 13. Qh4 Bb7 14. 0-0 Rc8 15. Bc2 b5 16. b4 Qd8 17. Qxd8+ Kxd8 18. Nc5 Ba8 19. Rfd1 Rc7 20. Rd3 Nf4 21. Rd2 Bxg2 22. Rd4 Ne2+ 23. Kxg2 Nxd4 24. cxd4 f6 25. Bd3 fxe5 26. dxe5 a5 27. a3 Ke7 28. Bxb5 Rf8 29. Rd1 Rf5 30. Rxd7+ Rxd7 31. Nxd7 axb4 32. axb4 Rf4 33. Nb8 Kd8 34. Kg3 g5 35. Nc6+ Kc7 36. Ba4 Rc4 37. Kf3 h5 38. Ke3 Rh4 39. Nd4 Rh3+ 40. Ke2 Rxh2 41. Nxe6+ Kb6 42. Nxg5 Rg2 43. Ne4 Rg7 44. f4 h4 45. Ng5 Ra7 46. Bc2 Kb5 47. f5 Kc4 48. f6 1-0

[Event "COL-ch U20"]
[Site "Cali"]
[Date "2024.02.29"]
[Round "3"]
[White "Hernandez Jimenez, Xavi"]
[Black "Sanchez Riscanevo, Santiago"]
[Result "1-0"]
[WhiteElo "1926"]
[BlackElo "1432"]
[PlyCount "63"]
[EventDate "2024.02.28"]
[EventType "swiss"]
[EventRounds "9"]
[EventCountry "COL"]
[SourceTitle "CB11_2024"]
[SourceDate "2024.03.13"]
[SourceVersion "1"]
[SourceVersionDate "2024.03.13"]
[SourceQuality "1"]

1. e4 e5 2. Nf3 Nf6 3. Nxe5 d6 4. Nf3 Nxe4 5. d3 Nf6 6. d4 d5 7. Bd3 Bd6 8. 0-0 0-0 9. c3 c6 10. Bg5 Bg4 11. Nbd2 Nbd7 12. Qc2 h6 13. Bh4 Qc7 14. Rfe1 Rfe8 15. Bg3 Re6 16. Rxe6 fxe6 17. Re1 Re8 18. Ne5 Bh5 19. f4 c5 20. Qa4 Nb6 21. Qa5 Nbd7 22. Qxc7 Bxc7 23. Bb5 Bxe5 24. fxe5 a6 25. exf6 axb5 26. fxg7 Kxg7 27. Nb3 c4 28. Na5 b6 29. Nb7 Bf7 30. Nd6 Ra8 31. a3 Ra5 32. Bh4 1-0

[Event "COL-ch U20"]
[Site "Cali"]
[Date "2024.02.28"]
[Round "1"]
[White "Ayala Delgado, Sergio Alejandro"]
[Black "Sanchez Riscanevo, Santiago"]
[Result "1-0"]
[WhiteElo "2089"]
[BlackElo "1432"]
[PlyCount "41"]
[EventDate "2024.02.28"]
[EventType "swiss"]
[EventRounds "9"]
[EventCountry "COL"]
[SourceTitle "CB11_2024"]
[SourceDate "2024.03.13"]
[SourceVersion "1"]
[SourceVersionDate "2024.03.13"]
[SourceQuality "1"]

1. e4 e5 2. Nf3 Nf6 3. Nc3 Bb4 4. Nxe5 0-0 5. Nd3 Bxc3 6. dxc3 Nxe4 7. Be2 d5 8. 0-0 Nc6 9. f3 Nf6 10. Bg5 Re8 11. Nf4 Qd6 12. Qd2 Nd7 13. Bh4 Nb6 14. a4 a5 15. Bg3 Qe7 16. Bb5 Bd7 17. Rfe1 Qc5+ 18. Bf2 Qd6 19. Bxb6 cxb6 20. Nxd5 Be6 21. Nf6+ 1-0

[Event "Pereira Fiestas de la Cosecha op"]
[Site "Pereira"]
[Date "2023.08.27"]
[Round "7"]
[White "Sanchez Riscanevo, Santiago"]
[Black "Suaza, Yesid Rodrigo"]
[Result "0-1"]
[WhiteElo "1324"]
[BlackElo "1836"]
[PlyCount "60"]
[EventDate "2023.08.24"]
[EventType "swiss"]
[EventRounds "7"]
[EventCountry "COL"]
[SourceTitle "EXT 2024"]
[Source "ChessBase"]
[SourceDate "2023.10.10"]
[SourceVersion "1"]
[SourceVersionDate "2023.10.10"]
[SourceQuality "1"]

1. e4 Nf6 2. Nc3 d5 3. exd5 Nxd5 4. Bc4 c6 5. Nge2 Bg4 6. h3 Bh5 7. 0-0 e6 8. Re1 Nb6 9. Bb3 Bd6 10. d4 0-0 11. Be3 N8d7 12. Qd2 a5 13. a3 a4 14. Ba2 Nf6 15. Nf4 Bb8 16. Nxh5 Nxh5 17. Bg5 Qc7 18. g3 h6 19. Be3 Nd5 20. Bxd5 exd5 21. Ne2 Qd7 22. h4 Qg4 23. Kg2 Bc7 24. Ng1 f5 25. Qe2 Qg6 26. Qd3 Qf7 27. Nh3 f4 28. Nxf4 Nxf4+ 29. Bxf4 Bxf4 30. gxf4 Qxf4 0-1

[Event "Pereira Fiestas de la Cosecha op"]
[Site "Pereira"]
[Date "2023.08.25"]
[Round "3"]
[White "Sanchez Riscanevo, Santiago"]
[Black "Valencia Escobar, Dario"]
[Result "1/2-1/2"]
[WhiteElo "1324"]
[BlackElo "1786"]
[PlyCount "43"]
[EventDate "2023.08.24"]
[EventType "swiss"]
[EventRounds "7"]
[EventCountry "COL"]
[SourceTitle "EXT 2024"]
[Source "ChessBase"]
[SourceDate "2023.10.10"]
[SourceVersion "1"]
[SourceVersionDate "2023.10.10"]
[SourceQuality "1"]

1. e4 c5 2. Nf3 g6 3. d4 cxd4 4. Nxd4 Bg7 5. Nc3 Nc6 6. Be3 Nf6 7. Be2 0-0 8. 0-0 d5 9. exd5 Nxd5 10. Nxd5 Qxd5 11. Nxc6 Qxc6 12. c3 Bf5 13. Re1 Rfd8 14. Qb3 Be6 15. Qc2 Bf5 16. Qc1 e5 17. Bf3 e4 18. Be2 Be6 19. Rd1 Bc4 20. Bxc4 Qxc4 21. Rd2 Rd3 22. Qd1 1/2-1/2

[Event "Pereira Fiestas de la Cosecha"]
[Site "Pereira"]
[Date "2022.08.27"]
[Round "7"]
[White "Lopez Trujillo, Alfonso"]
[Black "Sanchez Riscanevo, Santiago"]
[Result "1-0"]
[WhiteElo "1616"]
[BlackElo "1221"]
[PlyCount "25"]
[EventDate "2022.08.24"]
[EventType "swiss"]
[EventRounds "10"]
[EventCountry "COL"]
[SourceTitle "CBM 210 Extra"]
[Source "ChessBase"]
[SourceDate "2022.11.30"]
[SourceVersion "1"]
[SourceVersionDate "2022.11.30"]
[SourceQuality "1"]

1. e4 e5 2. f4 d5 3. Nf3 exf4 4. e5 f6 5. Nh4 Be6 6. d4 fxe5 7. Qh5+ Bf7 8. Qxe5+ Be7 9. Bxf4 Nf6 10. Nf5 Nc6 11. Bb5 0-0 12. Bxc6 bxc6 13. Nxe7+ 1-0

[Event "Pereira Fiestas de la Cosecha"]
[Site "Pereira"]
[Date "2022.08.26"]
[Round "6"]
[White "Pinzon, Luis Guillermo"]
[Black "Sanchez Riscanevo, Santiago"]
[Result "1-0"]
[WhiteElo "1588"]
[BlackElo "1221"]
[PlyCount "49"]
[EventDate "2022.08.24"]
[EventType "swiss"]
[EventRounds "10"]
[EventCountry "COL"]
[SourceTitle "CBM 210 Extra"]
[Source "ChessBase"]
[SourceDate "2022.11.30"]
[SourceVersion "1"]
[SourceVersionDate "2022.11.30"]
[SourceQuality "1"]

1. e4 c5 2. Nf3 g6 3. d4 cxd4 4. Nxd4 Nc6 5. Nc3 Bg7 6. Be3 Qb6 7. Ndb5 Qd8 8. Be2 a6 9. Nd5 e6 10. Nd6+ Kf8 11. Bb6 Qg5 12. Ne3 Bxb2 13. 0-0 Bxa1 14. Qxa1 f6 15. f4 Qh6 16. Bc5 Kg7 17. Ng4 Qh5 18. Ne8+ Kf7 19. Ne5+ Qxe5 20. fxe5 Kxe8 21. exf6 Ne5 22. Qxe5 d6 23. f7+ Kd8 24. Qxd6+ Bd7 25. f8Q# 1-0

[Event "Pereira Fiestas de la Cosecha"]
[Site "Pereira"]
[Date "2022.08.26"]
[Round "5"]
[White "Sanchez Riscanevo, Santiago"]
[Black "Ruiz, Emmanuel"]
[Result "1/2-1/2"]
[WhiteElo "1221"]
[BlackElo "1574"]
[PlyCount "37"]
[EventDate "2022.08.24"]
[EventType "swiss"]
[EventRounds "10"]
[EventCountry "COL"]
[SourceTitle "CBM 210 Extra"]
[Source "ChessBase"]
[SourceDate "2022.11.30"]
[SourceVersion "1"]
[SourceVersionDate "2022.11.30"]
[SourceQuality "1"]

1. e4 d5 2. exd5 Qxd5 3. Nc3 Qd6 4. d4 Nf6 5. Nb5 Qd8 6. Bf4 Nd5 7. Qd2 a6 8. Nc3 Nxf4 9. Qxf4 e6 10. 0-0-0 Be7 11. Nf3 c6 12. Bd3 Nd7 13. Rhe1 Nf6 14. Kb1 Nd5 15. Nxd5 cxd5 16. Qg3 0-0 17. Qh3 g6 18. Qg3 b5 19. h4 1/2-1/2

[Event "COL-ch sf"]
[Site "Palmira"]
[Date "2020.11.13"]
[Round "3"]
[White "Sanchez Riscanevo, Santiago"]
[Black "Londono Lopez, Donaldo Eliuver"]
[Result "0-1"]
[WhiteElo "1331"]
[BlackElo "1784"]
[PlyCount "68"]
[EventDate "2020.11.12"]
[EventType "swiss"]
[EventRounds "8"]
[EventCountry "COL"]
[SourceTitle "CBM 199 Extra"]
[Source "ChessBase"]
[SourceDate "2021.01.31"]
[SourceVersion "1"]
[SourceVersionDate "2021.01.31"]
[SourceQuality "1"]

1. g3 d5 2. Bg2 g6 3. d4 Bg7 4. Nf3 Nf6 5. Nc3 0-0 6. 0-0 c5 7. e3 Nc6 8. b3 b6 9. Bb2 Bb7 10. Qe2 Rc8 11. Ne5 cxd4 12. exd4 Nxd4 13. Qd2 Nc6 14. Rfe1 Nxe5 15. Rxe5 e6 16. Ree1 Rc6 17. Ba3 Re8 18. Nb5 a6 19. Nd4 Rc7 20. Nf3 Ne4 21. Qe3 b5 22. Qb6 Qc8 23. Rac1 Rc6 24. Qe3 Rxc2 25. Rxc2 Qxc2 26. Rc1 Qxa2 27. Qb6 Qxa3 28. Rc7 Ba8 29. Qa7 Qa1+ 30. Bf1 Qf6 31. Qxa6 Qxf3 32. Qa7 d4 33. Qa2 Nc3 34. Qa7 Qh1# 0-1

[Event "COL-ch sf"]
[Site "Palmira"]
[Date "2020.11.12"]
[Round "1"]
[White "Dominguez, Laura Lucia"]
[Black "Sanchez Riscanevo, Santiago"]
[Result "1-0"]
[WhiteElo "1970"]
[BlackElo "1331"]
[PlyCount "49"]
[EventDate "2020.11.12"]
[EventType "swiss"]
[EventRounds "8"]
[EventCountry "COL"]
[SourceTitle "CBM 199 Extra"]
[Source "ChessBase"]
[SourceDate "2021.01.31"]
[SourceVersion "1"]
[SourceVersionDate "2021.01.31"]
[SourceQuality "1"]

1. e4 e5 2. Nf3 d6 3. h3 Be7 4. d4 exd4 5. Nxd4 h6 6. Nc3 c5 7. Bb5+ Bd7 8. Bxd7+ Nxd7 9. Nf5 Ngf6 10. Nxg7+ Kf8 11. Nf5 Ke8 12. Bxh6 Qb6 13. Bg7 Rg8 14. 0-0 Qxb2 15. Nd5 Qe5 16. f4 Qxe4 17. Nxd6+ Bxd6 18. Re1 Qxe1+ 19. Qxe1+ Kd8 20. Bxf6+ Nxf6 21. Nxf6 Rg6 22. Qe8+ Kc7 23. Qd7+ Kb6 24. Rb1+ Ka5 25. Qb5# 1-0

[Event "COL-ch U1800"]
[Site "Villamaria"]
[Date "2019.11.02"]
[Round "3"]
[White "Bedoya Gil, Hernan"]
[Black "Sanchez Riscanevo, Santiago"]
[Result "1-0"]
[WhiteElo "1381"]
[BlackElo "1351"]
[PlyCount "73"]
[EventDate "2019.11.01"]
[EventType "swiss"]
[EventRounds "7"]
[EventCountry "COL"]
[SourceTitle "CBM 193 Extra"]
[Source "ChessBase"]
[SourceDate "2020.01.31"]
[SourceVersion "1"]
[SourceVersionDate "2020.01.31"]
[SourceQuality "1"]

1. d4 d5 2. c4 e6 3. Nf3 Nf6 4. e3 Nbd7 5. c5 c6 6. Bd3 Be7 7. Nc3 0-0 8. Qc2 b5 9. a3 Rb8 10. b4 Re8 11. Ne5 g6 12. Nxc6 Qc7 13. Nxb8 Qxb8 14. Bxb5 Bd8 15. 0-0 Ng4 16. g3 Bh4 17. Be2 Ndf6 18. f4 Bxg3 19. hxg3 Qb7 20. Bf3 Qe7 21. Qe2 h5 22. Kg2 Qf8 23. c6 Qh6 24. Rh1 Re7 25. b5 g5 26. Bxg4 Nxg4 27. Qxg4 hxg4 28. Rxh6 gxf4 29. exf4 Kg7 30. Rh4 Kf6 31. Rxg4 Kf5 32. Rg5+ Kf6 33. a4 Rc7 34. Ba3 e5 35. Nxd5+ Ke6 36. Nxc7+ Kf6 37. dxe5# 1-0